000 00486nam a22000977a 4500
008 161205b xxu||||| |||| 00| 0 eng d
100 _aLinn's stamp news
245 _aLinn's world stamp almanac [2000]
_ba handbook for stamp collectors
260 _aSidney, OH
_bAmos Press
_c2000
650 _aAlmanacs, Annuals, and Yearbooks | Agencies, Philatelic Organizations | Libraries and Museums | Periodicals | Dealing | Collecting | Exhibitions | Collectors | Auctions | Bibliographies | United States
999 _c2152
_d2152